[Event "RUS-chT Premier 2019"]
[Site "Sochi"]
[Date "2019.05.01"]
[Round "1.10"]
[White "Ponkratov, Pavel"]
[Black "Lintchevski, Daniil"]
[Result "1/2-1/2"]
[WhiteElo "2640"]
[BlackElo "2525"]
[Annotator "TA"]
[PlyCount "171"]
[EventDate "2019.04.30"]
[EventType "team-tourn"]
[EventCountry "RUS"]
[SourceTitle "playchess.com"]
[Source "ChessBase"]
[SourceQuality "1"]

{[%evp 12,171,6,0,27,23,27,0,0,-37,-10,-2,-12,-36,-33,-35,-30,-35,0,-8,-10,-18,-16,-25,0,0,16,13,20,20,18,17,13,0,28,12,12,0,20,0,0,0,0,0,0,0,0,0,0,0,18,0,0,0,0,0,8,8,8,7,8,8,31,4,15,0,82,89,92,13,20,4,3,5,8,4,6,6,8,8,8,8,11,8,8,8,8,11,11,7,31,7,7,0,31,31,31,31,31,31,31,31,51,51,58,31,39,31,31,31,31,31,31,31,31,31,31,31,31,31,31,31,31,31,31,31,31,31,31,31,31,31,31,0,11,0,3,0,31,31,31,31,31,31,31,31,31,31,31,31,31,31,31,31,31,31,31,31,31,31,31,31]} 1. Nf3 d5 2. g3 Bg4 3. Bg2 c6 4. h3 Bh5 5. O-O Nd7 6. d3 Ngf6 7. c4 Bxf3 {A07: Réti Opening: New York and Capablanca Systems} 8. Bxf3 dxc4 9. d4 e5 {The position is equal.} 10. Nc3 $146 ({Predecessor:} 10. Nd2 exd4 11. Nxc4 Nb6 12. Qb3 Nxc4 13. Qxc4 Qb6 14. Rd1 Rd8 {½-½ (45) Sychev,K (2529)-Popov,I (2608) Moscow 2018}) 10... exd4 11. Qxd4 Nb6 12. Qe5+ Qe7 13. Qf4 Qe6 14. Rd1 Be7 (14... Bb4 {feels hotter.} 15. a4 O-O 16. a5 Nbd7 17. Be3 h6) 15. Qc7 $132 {[%mdl 2048] White is fighting back} Qc8 16. Qxc8+ Rxc8 17. Be3 O-O 18. a4 Nbd7 19. Bxa7 Bc5 20. Bxc5 Nxc5 21. a5 Rfd8 22. e3 Nfd7 23. Bg4 Ra8 24. f4 Kf8 25. Bxd7 Rxd7 26. Rxd7 Nxd7 $11 {[%mdl 4096] Endgame KRN-KRN} 27. Ra4 Nc5 28. Rxc4 Rxa5 29. b4 Ra1+ 30. Kf2 Nd7 31. Rd4 Ke7 32. Ne4 g6 33. g4 Rh1 34. Nd6 c5 35. bxc5 Nxc5 36. Nc8+ Kf8 37. Rd8+ Kg7 38. Nd6 h6 (38... Rxh3 $11 {remains equal.} 39. Rc8 Ne6) 39. Rc8 $16 Ne6 40. Re8 (40. Kg2 $16 Rd1 41. Nxb7) 40... Rd1 $11 41. Nxb7 Rd2+ 42. Kf3 Rh2 $1 43. Nd6 Rxh3+ 44. Ke4 Kf6 45. Ra8 {[#] aiming for Ra7.} Ke7 $1 {[%cal Re7d6]} 46. Nc4 {With the idea Ra7+.} Nc5+ $1 47. Kd5 Nd7 48. Ra7 {Black must now prevent Ne5.} Rh1 49. Nb6 Rd1+ 50. Ke4 Kd8 51. Ra8+ Ke7 52. Ra7 (52. Nxd7 {is more complex.} Kxd7 53. Ke5 Ke7 54. Ra7+ Kf8 55. f5) 52... Kd8 53. Nxd7 Rxd7 $14 {KR-KR} 54. Ra8+ Ke7 55. Rh8 h5 56. gxh5 gxh5 57. Rxh5 Ra7 58. Rb5 Ra6 59. Kd4 Ke6 60. e4 Ra4+ 61. Kd3 Ra3+ 62. Kc4 Ra4+ 63. Rb4 Ra6 64. Kc5 {[#] Strongly threatening Rb6+.} Ra5+ 65. Kd4 Ra6 66. Rc4 f6 67. Rc7 Ra4+ 68. Ke3 Ra3+ 69. Ke2 Ra4 70. Kf3 {And now f5+ would win.} Ra3+ 71. Kf2 Ra4 72. Ke3 Ra3+ 73. Kd4 Ra4+ 74. Rc4 Ra6 75. f5+ {White is slightly better.} Kd6 76. Rb4 Ra7 77. Rb1 Ke7 78. Rh1 {Rh7+ would kill now.} Ra4+ 79. Ke3 Ra3+ 80. Kf4 Ra2 81. Rh7+ Kf8 82. Rc7 Ra1 83. Ke3 Rd1 84. Ra7 Ke8 85. Kf3 Kf8 86. Kg4 {Accuracy: White = 63%, Black = 63%.} 1/2-1/2

[Event "RUS-chT Premier 2019"]
[Site "Sochi"]
[Date "2019.05.01"]
[Round "1.11"]
[White "Levin, Evgeny A."]
[Black "Alekseenko, Kirill"]
[Result "0-1"]
[WhiteElo "2516"]
[BlackElo "2636"]
[Annotator "TA"]
[PlyCount "102"]
[EventDate "2019.04.30"]
[EventType "team-tourn"]
[EventCountry "RUS"]
[SourceTitle "playchess.com"]
[Source "ChessBase"]
[SourceQuality "1"]

{[%evp 14,102,16,11,7,10,6,0,0,0,0,-11,-8,-11,0,0,-8,-2,-7,-6,0,0,0,0,0,0,0,-7,-7,-16,-6,-11,-9,-19,-6,-10,-16,-21,-10,-41,-41,-41,-41,-41,-41,-41,-41,-59,-42,-53,-58,-62,-62,-62,-62,-65,-63,-139,-139,-139,-139,-139,-139,-139,-139,-177,-176,-164,-162,-162,-151,-147,-154,-155,-155,-202,-195,-468,-303,-2708,-2516,-3698,-4394,-1870,-1403,-29973,-29974,-29979,-29980,-29980,-29971]} 1. d4 Nf6 2. c4 g6 3. Nc3 d5 4. cxd5 Nxd5 5. Bd2 Bg7 6. e4 Nxc3 7. Bxc3 O-O 8. Qd2 Nd7 {D85: Exchange Grünfeld: Unusual White 7th moves and lines with 7 Nf3} (8... c5 9. d5 Bxc3 10. bxc3 Qd6 11. f4 e6 12. Bc4 b5 13. Bxb5 exd5 14. Bc4 Bb7 15. Nf3 Rd8 16. Bxd5 Bxd5 17. Qxd5 Qxd5 18. exd5 Rxd5 {½-½ (29) Tomashevsky,E (2702)-Nepomniachtchi,I (2768) Satka 2018}) 9. Nf3 b6 10. Bd3 e6 {The position is equal.} 11. O-O c5 12. Rfd1 Bb7 13. Qe3 Qe7 {[#]} 14. Be2 $146 ({Predecessor:} 14. Rac1 Rac8 15. Bb5 Nf6 16. Bd3 {½-½ (39) Lenic,L (2640)-Sutovsky,E (2620) Austria 2016}) 14... Rac8 15. Rac1 Rfd8 16. dxc5 Bxc3 17. Rxc3 Nxc5 18. Rdc1 Qd7 ({But not} 18... Bxe4 $2 19. b4 $18) 19. e5 a5 20. h3 Bxf3 21. Bxf3 Qd2 22. Qxd2 Rxd2 23. Rb3 Rcd8 24. Rxb6 Nd3 $1 {[%csl LRb2,LRc1,LRe5,LRf2]} 25. Rd1 Nxb2 26. Rxb2 (26. Rxd2 {with more complications.} Rxd2 27. Rb5 a4 28. a3 Nc4 29. Bc6) 26... Rxd1+ 27. Bxd1 Rxd1+ $11 {[%mdl 4096] Endgame KR-KR} 28. Kh2 Rd4 29. Kg3 g5 30. Kf3 h5 31. Ke3 Ra4 32. g3 Ra3+ 33. Ke4 $1 h4 34. gxh4 Ra4+ 35. Ke3 (35. Kf3 $15 gxh4 36. Re2) 35... Rxh4 $17 36. f3 Kg7 37. Rg2 Kg6 ({Don't play} 37... Rxh3 $6 38. Rxg5+ Kf8 39. Rg2 $11) 38. Rg4 {Rxh4 is the strong threat.} Rxh3 39. Ra4 Kf5 40. Kf2 Kxe5 41. Rxa5+ Kf4 42. Ra4+ Kf5 43. Kg2 Rh8 44. Ra7 f6 45. a4 $2 (45. Ra5+ e5 46. Ra4) 45... Rb8 46. a5 $2 (46. Ra6) 46... Kf4 $19 47. Ra6 Rb2+ 48. Kf1 Kxf3 {[%cal Rb2b1]} 49. Rxe6 {[#]} f5 $1 {Black mates.} 50. Re5 {[#]} f4 $1 51. a6 Ra2 {Accuracy: White = 47%, Black = 92%.} 0-1

[Event "RUS-chT Premier 2019"]
[Site "Sochi"]
[Date "2019.05.01"]
[Round "1.12"]
[White "Goganov, Aleksey"]
[Black "Ionov, Sergey"]
[Result "1/2-1/2"]
[WhiteElo "2570"]
[BlackElo "2530"]
[Annotator "ChessBase"]
[PlyCount "64"]
[EventDate "2019.04.30"]
[EventType "team-tourn"]
[EventCountry "RUS"]
[SourceTitle "playchess.com"]
[Source "ChessBase"]
[SourceQuality "1"]
[TimeControl "40/5400+30:1800+30"]

1. Nf3 {[%emt 0:00:00]} d5 {[%emt 0:00:54]} 2. d4 {[%emt 0:00:00]} Nf6 {[%emt 0:00:25]} 3. c4 {[%emt 0:00:00]} e6 {[%emt 0:00:33]} 4. Nc3 {[%emt 0:00:00]} c5 {[%emt 0:00:45]} 5. cxd5 {[%emt 0:00:05]} Nxd5 {[%emt 0:00:06]} 6. g3 {[%emt 0:03:01]} Nc6 {[%emt 0:29:59]} 7. Bg2 {[%emt 0:02:32]} cxd4 {[%emt 0:09:10]} 8. Nxd4 {[%emt 0:00:09]} Nxc3 {[%emt 0:00:31]} 9. bxc3 {[%emt 0:00:05]} Nxd4 {[%emt 0:00:22]} 10. Qxd4 {[%emt 0:00:05]} Qxd4 {[%emt 0:11:17]} 11. cxd4 {[%emt 0:00:06]} Bb4+ {[%emt 0:01:15]} 12. Bd2 {[%emt 0:00:06]} Bxd2+ {[%emt 0:00:02]} 13. Kxd2 {[%emt 0:00:06]} Ke7 {[%emt 0:00:33]} 14. Rhc1 {[%emt 0:00:16]} Rd8 {[%emt 0:00:04]} 15. Rc7+ {[%emt 0:00:12]} Rd7 {[%emt 0:00:09]} 16. Rac1 {[%emt 0:00:10]} Kd8 {[%emt 0:00:24]} 17. Rxd7+ {[%emt 0:00:09]} Kxd7 {[%emt 0:00:21]} 18. h4 {[%emt 0:00:57]} Rb8 {[%emt 0:05:12]} 19. g4 {[%emt 0:03:10]} b6 {[%emt 0:05:02]} 20. Bc6+ {[%emt 0:05:51]} Kd8 {[%emt 0:01:19]} 21. f4 {[%emt 0:08:25]} Bb7 {[%emt 0:08:21]} 22. Bxb7 {[%emt 0:02:21]} Rxb7 {[%emt 0:00:02]} 23. Kd3 {[%emt 0:00:19]} a6 {[%emt 0:09:46]} 24. f5 {[%emt 0:01:04]} Rc7 {[%emt 0:01:07]} 25. Rf1 {[%emt 0:05:14]} Ke7 {[%emt 0:01:05]} 26. h5 {[%emt 0:16:01]} h6 {[%emt 0:01:48]} 27. fxe6 {[%emt 0:10:47]} fxe6 {[%emt 0:02:12]} 28. g5 {[%emt 0:01:13]} hxg5 {[%emt 0:00:11]} 29. Rg1 {[%emt 0:00:03]} Kf6 {[%emt 0:01:24]} 30. Rf1+ {[%emt 0:00:03]} Ke7 {[%emt 0:00:02]} 31. Rg1 {[%emt 0:00:04]} Kf6 {[%emt 0:00:14]} 32. Rf1+ {[%emt 0:00:04]} Ke7 {[%emt 0:00:05]} 1/2-1/2

[Event "RUS-chT Premier 2019"]
[Site "Sochi"]
[Date "2019.05.01"]
[Round "1.13"]
[White "Inarkiev, Ernesto"]
[Black "Riazantsev, Alexander"]
[Result "1-0"]
[WhiteElo "2691"]
[BlackElo "2653"]
[Annotator "TA"]
[PlyCount "185"]
[EventDate "2019.04.30"]
[EventType "team-tourn"]
[EventCountry "RUS"]
[SourceTitle "playchess.com"]
[Source "ChessBase"]
[SourceQuality "1"]

{[%evp 10,185,39,29,44,21,16,23,41,37,40,35,42,40,50,36,43,32,37,44,52,42,50,37,33,8,14,0,2,0,16,0,31,23,48,66,54,47,56,66,60,57,67,72,129,60,155,124,124,101,120,92,96,98,107,66,93,118,113,107,119,106,118,119,142,123,174,144,156,106,141,90,257,254,274,0,77,90,78,94,93,92,78,79,81,75,130,102,102,102,102,102,102,102,102,102,102,102,102,102,102,102,102,102,102,102,102,102,102,109,351,211,211,211,211,211,211,175,175,175,383,168,211,209,465,211,465,447,465,211,368,212,454,211,342,211,430,211,342,168,168,135,135,135,168,135,135,135,135,127,168,168,168,160,161,161,312,305,411,411,389,248,375,160,209,168,420,269,425,411,29979,29980,29980,29981,29983,29984,29984,29985]} 1. c4 e6 2. Nc3 d5 3. d4 Bb4 4. a3 Bxc3+ 5. bxc3 Ne7 6. e3 O-O {D31: Queen's Gambit Declined: Semi-Slav without ...Nf6 (+ Marshall Gambit and Noteboom) and Exchange Variation lines without ...Nf6} 7. Bd3 (7. Nf3 c5 8. cxd5 Nxd5 9. Bd3 Qc7 10. c4 Nf6 11. O-O Nbd7 12. Bb2 cxd4 13. exd4 b6 14. a4 {½-½ (68) Wagner,D (2558)-Donchenko,A (2588) Biel 2018}) 7... c5 8. Nf3 (8. dxc5 dxc4 9. Bxc4 Qxd1+ 10. Kxd1 Nd7 $15) 8... Nd7 {White has an edge.} 9. O-O dxc4 10. Bxc4 Qc7 $146 ({Predecessor:} 10... b6 11. Qe2 Bb7 12. e4 Ng6 13. Bg5 Qc7 14. Nd2 {½-½ (36) Della Pietra,A (2153)-Vostrikov,K (2200) SEMI email 2000}) 11. Qe2 b6 12. e4 Bb7 13. Bd3 Ng6 14. g3 h6 15. a4 Rfd8 16. a5 bxa5 17. Be3 Rab8 18. Ra2 Bc6 19. Nd2 a4 20. h4 a6 21. Bxa6 Qa5 22. Rc1 Nf6 23. Bd3 Qa8 {[%cal Rf6e4]} 24. f3 cxd4 25. cxd4 Rdc8 26. Kg2 Bd7 (26... Rb4 $142) 27. Nc4 (27. Rxc8+ $16 Rxc8 28. Nb3) 27... Ne8 (27... Rb3 $14) 28. h5 $16 Nf8 29. Ne5 Rxc1 30. Bxc1 Nf6 31. Nxd7 N8xd7 32. Bb5 {Strongly threatening Bf4.} Nb6 33. g4 $1 Rc8 34. Bd2 Ne8 35. Bb4 Nc7 36. Bd3 Qc6 37. Rc2 {[%cal Ba2c2,Bc2c5,Bc5a5][%mdl 32]} Qa8 (37... Qb7 $16 38. Ba5 Qa7) 38. Rc5 Ne8 39. Ra5 Qb8 40. Ba6 ({Better is} 40. Be1) 40... Rd8 $2 {[#]} (40... Rc7 $16 {was called for.}) 41. Be7 $1 $18 Rxd4 42. Qb2 $2 ({White must play} 42. Bc5 $18 Rd6 43. Qf2) 42... Rd1 (42... Rd7 $1 $11 43. Bc5 Rd8) 43. Be2 $16 Rd7 44. Bc5 Rb7 45. Rb5 {[%cal Rb5b6]} a3 46. Bxa3 {Bc5 is the strong threat.} Nd6 {[#]} 47. Rb4 $1 {Black must now prevent Ba6.} Nd7 (47... Qa7 $142) 48. e5 Rxb4 49. Qxb4 Qxb4 50. Bxb4 {[%mdl 4096] Endgame KBB-KNN} Nc8 51. f4 Ncb6 52. Kf3 Nd5 53. Bd6 f6 54. Bb5 N7b6 55. exf6 Nxf6 56. Bd3 Nbd5 57. Bg6 Nh7 58. Ba3 Nf8 59. Bc2 Kf7 $2 (59... Nh7 $16 60. Bc5 Nhf6) 60. g5 {Hoping for g6+.} hxg5 61. fxg5 Ne7 62. Kf4 Nd7 63. Bb2 Nd5+ 64. Kf3 Ne7 $2 (64... Kg8 65. Bd4 Nf8) 65. Kg4 (65. h6 $142 gxh6 66. gxh6) 65... Nf5 {aiming for ...Ne3+.} 66. Kf4 Nf8 $2 (66... Ne7 67. g6+ Kg8) 67. Ba4 (67. g6+ $142 Nxg6+ 68. hxg6+ Kxg6 69. Bd1) 67... Nd6 $2 (67... g6 {keeps fighting.} 68. h6 Nd6) 68. Ba3 Nf5 69. Bc5 (69. g6+ $142 Nxg6+ 70. hxg6+ Kxg6 71. Bb4) 69... Nh4 $2 (69... g6 70. h6 Ne7) 70. Bc6 (70. g6+ $142 Nfxg6+ 71. hxg6+ Nxg6+ 72. Kg4) 70... Nf5 $2 (70... g6 71. h6 Nh7) 71. Bb5 (71. g6+ $142 Nxg6+ 72. hxg6+ Kxg6 73. Ke5) 71... Nh4 (71... g6 $142 72. h6 Ne7) 72. Ba4 Nf5 $2 (72... g6 73. h6 Nh7) 73. Bc6 (73. g6+ $142 Nxg6+ 74. hxg6+ Kxg6 75. Bb6) 73... Ne7 (73... g6 $142 74. h6 Ne7) 74. Be4 (74. g6+ $142 Nfxg6+ 75. hxg6+ Nxg6+ 76. Kg5) 74... Nd7 75. Ba3 Nd5+ 76. Kg3 Kg8 77. Bd3 Ne5 78. Bb5 Nf7 79. Kh4 Ne5 80. Bb2 Nc7 81. Ba4 Nd3 82. Bd4 Nf4 $2 (82... Nd5 83. g6 Nf6) 83. Bd7 $18 Nfd5 84. Kg4 Kh7 85. Ba4 Kg8 (85... g6 {might work better.} 86. Bc2 Ne7 87. hxg6+ Kg8) 86. Be5 (86. Kf3 $18 {and White stays clearly on top.}) 86... Ne3+ 87. Kf3 Ned5 $2 (87... Ncd5 {was worth a try.} 88. Bd7 Kh7 89. Bxe6 Nc4) 88. Ke4 Kf7 (88... Nb6 {was necessary.} 89. Bd1 (89. Bxc7 Nxa4 90. Ke5 g6 $16) 89... Nbd5) 89. Kd4 Ne8 (89... Nb6 $18 90. g6+ (90. Bxc7 Nxa4 91. Bd8 g6 $18) 90... Kg8) 90. Bxe8+ {[%mdl 64] Overworked Piece. White mates.} ({Not} 90. g6+ Ke7 $16) 90... Kxe8 91. Bxg7 Nf4 92. h6 Kf7 93. Be5 {Accuracy: White = 45%, Black = 36%.} 1-0

[Event "RUS-chT Premier 2019"]
[Site "Sochi"]
[Date "2019.05.01"]
[Round "1.14"]
[White "Lysyj, Igor"]
[Black "Malakhov, Vladimir"]
[Result "0-1"]
[WhiteElo "2642"]
[BlackElo "2660"]
[Annotator "TA"]
[PlyCount "110"]
[EventDate "2019.04.30"]
[EventType "team-tourn"]
[EventCountry "RUS"]
[SourceTitle "playchess.com"]
[Source "ChessBase"]
[SourceQuality "1"]

{[%evp 15,110,30,27,20,33,23,31,25,24,24,27,21,29,0,0,0,0,0,-9,-5,-5,-3,-8,-10,0,-6,-12,-23,-11,-11,-11,-11,-13,-30,0,-17,-8,-12,0,0,0,0,0,0,0,0,0,-39,-37,-38,0,-27,-26,-37,0,0,0,-2,-2,-2,-2,-34,-17,-34,-9,-34,-34,-34,-45,-93,-66,-66,-64,-64,-60,-84,-84,-86,-86,-187,-187,-187,-198,-206,-191,-187,-187,-227,-179,-271,-268,-497,-415,-415,-407,-684,-481]} 1. d4 d5 2. c4 c6 3. cxd5 cxd5 4. Bf4 Nc6 5. Nc3 Nf6 6. e3 a6 7. Rc1 e6 8. Bd3 Be7 9. Nf3 {D10: Slav Defence: 3 cxd5 (without early Nf3) and 3 Nc3} O-O 10. h3 Bd6 (10... Bd7 11. O-O Rc8 12. Ne5 Be8 13. Bg5 h6 14. Bh4 Nd7 15. Nxc6 Rxc6 16. Bxe7 Qxe7 17. Na4 Nf6 18. Qb3 Rxc1 19. Rxc1 Bxa4 20. Qxa4 Qd6 {½-½ (20) Artemiev,V (2663)-Vitiugov,N (2721) Sochi 2016}) 11. O-O $146 {White is slightly better.} ({Predecessor:} 11. Bxd6 Qxd6 12. O-O b5 13. a3 Bb7 14. Bb1 Rac8 {½-½ (14) Langrock,H (2405)-Lechtynsky,J (2354) Germany 2016}) 11... Bxf4 12. exf4 Qd6 13. Ne5 Bd7 14. Nxc6 Bxc6 15. Qd2 Ne4 16. Qe3 {[%cal Rc3e4]} Qb4 17. Nxe4 dxe4 18. Bxe4 Bxe4 19. Qxe4 Qxb2 20. Rc2 Qb4 21. Rc5 Rad8 22. Rb1 Qa4 23. Qxb7 Qxa2 24. Rbc1 g6 25. R5c2 Qa3 26. Rc3 Qa5 27. Rc5 Qd2 28. g3 a5 29. Qb5 Ra8 30. Qa4 Rfb8 31. R5c2 Qd3 32. Rc3 Qd2 33. R3c2 Qb4 34. Ra1 Ra7 35. Rc5 Qd2 36. Rb5 (36. Rd1 {is more complex.} Qb4 37. Ra1) 36... Rxb5 37. Qxb5 $11 {[%mdl 4096] Endgame Threatens to win with Qb8+. KQR-KQR} Ra8 38. Qa4 (38. Qb7 $5 {[%cal Rb7a8]} Rd8 39. Qb5 $11) 38... Qc3 39. Kg2 Qb2 40. Ra2 Qb7+ 41. Kh2 Qf3 42. h4 h6 43. Qc2 Qd5 44. Ra4 Rb8 45. Rc4 Kg7 46. Qe2 Kh7 47. Rc7 (47. Rc5 $17 {was necessary.} Qxd4 48. Rc4) 47... Rb1 $19 {[%csl Gb1][%cal Rd5h1]} 48. f3 Rb7 $1 {[%cal Rb7c7]} 49. Rxb7 Qxb7 {KQ-KQ} 50. Qc2 Kg7 ({But not} 50... Qxf3 51. Qc7 $17) 51. Kg2 Qb5 52. Qc3 {[#]} (52. d5 $142) 52... Qb4 $1 {[%cal Rb4c3]} 53. Qc7 $2 (53. Qa1 Kg8 54. d5) 53... Qd2+ 54. Kh3 {[#] intending Qe5+.} Qe1 $1 {Strongly threatening ...a4.} 55. Kg2 (55. g4 $142 a4 56. d5 exd5 57. Qd6) 55... Qe2+ {Accuracy: White = 44%, Black = 73%.} 0-1

[Event "RUS-chT Premier 2019"]
[Site "Sochi"]
[Date "2019.05.01"]
[Round "1.15"]
[White "Dreev, Aleksey"]
[Black "Sarana, Alexey"]
[Result "1/2-1/2"]
[WhiteElo "2662"]
[BlackElo "2636"]
[Annotator "TA"]
[PlyCount "80"]
[EventDate "2019.04.30"]
[EventType "team-tourn"]
[EventCountry "RUS"]
[SourceTitle "playchess.com"]
[Source "ChessBase"]
[SourceQuality "1"]

{[%evp 25,80,0,2,-7,0,-6,0,0,0,0,0,0,0,0,9,16,23,0,0,0,0,0,0,0,0,0,0,0,0,0,0,0,0,0,-7,-7,-7,-7,-7,-7,-7,-7,-7,-7,-7,-23,-23,-23,-23,-23,-23,-23,0,-23,0,-23,0]} 1. d4 Nf6 2. c4 g6 3. Nc3 d5 4. Nf3 Bg7 5. Bf4 O-O 6. Rc1 dxc4 7. e3 Be6 8. Ng5 Bd5 9. e4 h6 10. exd5 hxg5 11. Bxg5 Nxd5 12. Bxc4 Nb6 13. Bb3 Nc6 14. d5 {D92: Grünfeld: 4 Nf3 Bg7 5 Bf4} Nd4 15. O-O Nxb3 (15... Re8 16. h4 Qd7 17. a4 Nxb3 18. Qxb3 Bxc3 19. Rxc3 Qxd5 20. Qc2 Rad8 21. Rxc7 Rc8 {½-½ (40) Xiong,J (2663)-So,W (2762) Saint Louis 2019}) 16. Qxb3 {The position is equal.} Bxc3 17. bxc3 Qxd5 18. Bxe7 Rfe8 19. c4 Nxc4 {[#]} 20. Rfd1 $146 ({Predecessor:} 20. Bf6 Nb6 21. Qb2 Nd7 22. Rxc7 Nxf6 23. Qxf6 Rac8 {½-½ (23) Gershon,A (2556)-Horvath,J (2535) Kallithea 2002}) 20... Qf5 21. Rxc4 Rxe7 22. Qxb7 Rae8 23. Rcc1 Qa5 {[#] ( -> ...Re1+)} 24. g3 Qxa2 25. Ra1 Qc4 26. Qxa7 c5 27. Qa3 Qb4 28. Qxb4 cxb4 $11 {[%mdl 4096] Endgame KRR-KRR} 29. Rab1 Rb7 30. Rd4 b3 31. Rb2 Re5 32. Rd3 Reb5 33. h4 Kg7 34. Kg2 f5 35. f4 R7b6 36. Re3 Kf6 37. Kf3 Rb4 38. Kf2 R4b5 39. Kf3 Rb4 40. Kf2 R4b5 {Accuracy: White = 81%, Black = 61%.} 1/2-1/2

[Event "RUS-chT Premier 2019"]
[Site "Sochi"]
[Date "2019.05.01"]
[Round "1.16"]
[White "Oparin, Grigoriy"]
[Black "Zvjaginsev, Vadim"]
[Result "1/2-1/2"]
[WhiteElo "2624"]
[BlackElo "2635"]
[Annotator "TA"]
[PlyCount "87"]
[EventDate "2019.04.30"]
[EventType "team-tourn"]
[EventCountry "RUS"]
[SourceTitle "playchess.com"]
[Source "ChessBase"]
[SourceQuality "1"]

{[%evp 12,87,32,34,31,30,29,26,41,41,32,16,47,43,50,53,52,45,59,61,65,61,58,58,57,70,63,62,71,75,66,65,58,4,89,89,89,75,80,73,71,84,85,70,93,90,88,0,0,0,0,5,7,0,0,0,0,0,6,6,6,6,8,0,0,0,0,0,0,0,0,0,0,0,0,0,0,0]} 1. Nf3 Nf6 2. g3 c5 3. Bg2 Nc6 4. c4 g6 5. d4 cxd4 6. Nxd4 Bg7 7. O-O h5 {A31: Symmetrical English: 2 Nf3 Nf6 3 d4} 8. h3 O-O 9. Nc3 d6 {White has an edge.} 10. Be3 (10. e3 Bd7 11. b3 a6 12. Bb2 Rb8 {½-½ (48) Fridman,D (2633)-Zvjaginsev,V (2642) St Petersburg 2018}) 10... Bd7 11. Rc1 (11. Nf3 {is more complex.} a6 12. Ng5 Rc8 13. Rc1 Qa5 14. Qb3) 11... Re8 $146 ({Predecessor:} 11... Qc8 12. Nd5 Re8 13. Nb5 Bxh3 14. Ndc7 Bxg2 15. Kxg2 Qf5 16. Qd3 Qd7 17. Nxa8 Rxa8 18. Bd4 {0-1 (46) Modi,Y (1955)-Brahami,L (1996) Konya 2018}) 12. b3 Nxd4 13. Bxd4 Bc6 14. e4 Bh6 15. Rc2 h4 16. Bxf6 exf6 17. gxh4 Re5 $1 18. f4 Rh5 19. Qg4 f5 20. exf5 Bd7 21. Be4 Bg7 {[%cal Rh5f5]} 22. Nd5 (22. Qg3 $14) 22... Rxh4 (22... Rxf5 $1 $11 23. Bxf5 Bxf5) 23. Qg3 $16 gxf5 24. Rg2 {[%csl Gg2][%cal Rg3g7] [#]} Rh7 25. Bd3 Kh8 26. Kh2 Bd4 27. Qe1 Qh4 28. Qxh4 Rxh4 29. Re1 ({Better is} 29. Rg5 $16) 29... Bc6 $1 $11 {The position is equal.} 30. Re7 Rf8 31. Bxf5 {With the idea Rd2.} Bxd5 $1 32. cxd5 Rxf4 33. Rg4 Rf2+ 34. Kg3 Bb6 35. Rf4 Rxa2 36. Be6 {[#]} Rf2 $1 $132 {[%mdl 2560] Hoping for ...Rxf4. Black is not holding back} 37. Rxf2 (37. Rfxf7 {with more complications.} R8xf7 38. Bxf7 Rb2 39. Be6 Rxb3+ 40. Kg4) 37... Bxf2+ 38. Kxf2 fxe6+ {[%mdl 4096] Endgame KR-KR} 39. Ke3 exd5 40. Rxb7 a5 41. Kd4 Ra8 42. Kxd5 a4 43. bxa4 Rxa4 44. Kxd6 {Accuracy: White = 74%, Black = 71%.} 1/2-1/2

[Event "RUS-chT Premier 2019"]
[Site "Sochi"]
[Date "2019.05.01"]
[Round "1.17"]
[White "Kobalia, Mikhail"]
[Black "Predke, Alexandr"]
[Result "0-1"]
[WhiteElo "2610"]
[BlackElo "2626"]
[Annotator "TA"]
[PlyCount "111"]
[EventDate "2019.04.30"]
[EventType "team-tourn"]
[EventCountry "RUS"]
[SourceTitle "playchess.com"]
[Source "ChessBase"]
[SourceQuality "1"]

{[%evp 11,111,12,21,18,22,21,16,22,35,8,14,8,12,0,14,0,-4,-26,-28,-16,-11,0,-15,-4,0,0,0,0,0,0,0,-21,0,0,-2,0,0,-63,0,0,0,0,0,0,0,0,15,4,0,0,0,0,0,0,0,0,0,0,0,0,0,0,0,0,0,0,0,0,0,0,0,0,0,0,0,0,0,-14,-3,-3,-4,-41,-32,-75,-74,-183,-96,-375,-363,-437,-432,-528,-503,-615,-597,-551,-495,-1436,-1231,-29987,-29988,-29991]} 1. e4 e5 2. Nf3 Nc6 3. Bc4 Bc5 4. O-O Nf6 5. d3 d6 6. c3 a6 7. a4 {C54: Giuoco Piano: 4 c3 Nf6, main lines with 5 d4 and 5 d3} Ba7 8. Re1 Ng4 9. Re2 {The position is equal.} Qf6 10. Na3 O-O 11. Nc2 Kh8 $146 ({Predecessor:} 11... Be6 12. Bxe6 fxe6 13. h3 Nh6 14. Be3 Ne7 15. Bxa7 Rxa7 {1-0 (58) Harikrishna,P (2725)-Hakobyan,A (2545) St Petersburg 2018}) 12. h3 Nh6 $1 13. Bg5 Qg6 14. Qd2 f5 15. Bxh6 Qxh6 16. Qxh6 gxh6 17. Nh4 Ne7 18. Nxf5 Nxf5 19. exf5 Bxf5 20. Rd1 h5 21. Bb3 h4 22. Kf1 Bg6 23. d4 Rf4 24. Ne3 (24. dxe5 $11 dxe5 25. Rdd2) 24... c6 ({Black should play} 24... Bh5 $15 25. f3 e4) 25. dxe5 $11 dxe5 26. Ng4 Raf8 27. Rdd2 e4 {With the idea ...Bh5.} 28. Bc2 Bf5 29. Ne3 Be6 30. Ke1 a5 31. Nd1 Bd5 32. Ne3 Be6 33. Nd1 Bd5 34. Ne3 Bf7 {Threatening ...Bh5.} 35. Ng4 Bg6 36. Rd7 Bf5 37. Rxb7 Bxg4 38. hxg4 Bxf2+ 39. Kd1 $1 e3 40. Bf5 Rxa4 41. Rxh7+ Kg8 42. Rd7 Re8 43. Kc2 Re5 44. Rd4 Ra1 45. Re4 Rc5 46. Rf4 Kg7 47. Bd3 a4 48. Rf5 (48. Be4 $17 {is a better defense.}) 48... Rd5 ({Better is} 48... Rxf5 $19 49. Bxf5 Kf6) 49. Rxd5 $4 {[%mdl 8192] [#]} (49. Rf4 $17 {was the only defense.}) 49... cxd5 $17 {[%mdl 4096] Endgame KRB-KRB} 50. c4 Rg1 51. c5 Kf6 52. Bf5 {intending c6.} Ke7 53. Kd3 Rxg2 {[#] ...h3 is the strong threat.} 54. Rc2 (54. c6 $142 Kd6 55. Rc2) 54... h3 $19 {Strongly threatening ...h2.} 55. c6 h2 56. Kd4 {Accuracy: White = 47%, Black = 81%.} 0-1